[Event "Leiden op-A 10th"]
[Site "Leiden"]
[Date "2016.07.22"]
[Round "6"]
[White "Koes, Richard"]
[Black "Kerkvliet, Sebastiaan"]
[Result "1/2-1/2"]
[WhiteElo "1840"]
[BlackElo "1783"]
[PlyCount "79"]
[EventDate "2016.07.15"]
[EventType "swiss"]
[EventRounds "9"]
[EventCountry "NED"]
[SourceTitle "CBM 173 Extra"]
[Source "ChessBase"]
[SourceDate "2016.08.29"]
[SourceVersion "1"]
[SourceVersionDate "2016.08.29"]
[SourceQuality "1"]

1. e4 c5 2. Nf3 d6 3. b4 cxb4 4. Bc4 e6 5. d4 Be7 6. 0-0 Nd7 7. Nbd2 Nb6 8. Bb3 Bd7 9. a4 a5 10. Nc4 Nxc4 11. Bxc4 Qc7 12. Qe2 Rc8 13. Bd3 Nf6 14. Bb2 0-0 15. Nd2 h6 16. f4 Rfe8 17. e5 Nd5 18. Ne4 f5 19. exf6 Bxf6 20. Qh5 Re7 21. Qg6 Be8 22. Qg3 Kh8 23. Qh3 Bd7 24. g4 e5 25. fxe5 dxe5 26. Nxf6 Nxf6 27. Rxf6 gxf6 28. Qxh6+ Kg8 29. Rf1 Rg7 30. h3 e4 31. Bxe4 Qg3+ 32. Kh1 Re8 33. Bd5+ Be6 34. Bg2 Bc4 35. Rg1 Bf7 36. d5 Rh7 37. Qxh7+ Kxh7 38. Be4+ Rxe4 39. Rxg3 Bxd5 40. Kg1 1/2-1/2